UNIX system programming using C++ (Record no. 1925)

MARC details
000 -LEADER
fixed length control field 00461 a2200169 4500
001 - CONTROL NUMBER
control field 068164
003 - CONTROL NUMBER IDENTIFIER
control field OSt
005 - DATE AND TIME OF LATEST TRANSACTION
control field 20220125172029.0
008 - FIXED-LENGTH DATA ELEMENTS--GENERAL INFORMATION
fixed length control field
082 ## - DEWEY DECIMAL CLASSIFICATION NUMBER
Classification number 005.432
Item number C36U
100 1# - MAIN ENTRY--PERSONAL NAME
Personal name Chan, Terrence
245 1# - TITLE STATEMENT
Title UNIX system programming using C++
Statement of responsibility, etc by Terrence Chan
260 ## - PUBLICATION, DISTRIBUTION, ETC. (IMPRINT)
Place of publication, distribution, etc New Delhi
Name of publisher, distributor, etc PHI Learning
Date of publication, distribution, etc 1997
300 ## - PHYSICAL DESCRIPTION
Extent 598p.
653 ## - INDEX TERM--UNCONTROLLED
Uncontrolled term C++ (Computer program language); UNIX (Computer file)
942 ## - ADDED ENTRY ELEMENTS (KOHA)
Source of classification or shelving scheme Dewey Decimal Classification
Koha item type Books
Holdings
Withdrawn status Lost status Source of classification or shelving scheme Damaged status Not for loan Collection code Home library Current library Date acquired Source of acquisition Cost, normal purchase price Full call number Barcode Date last seen Price effective from Koha item type
    Dewey Decimal Classification     General Text Book Central University Of Rajasthan Central University Of Rajasthan 07/03/2012 CSC 350.00 005.432 C36U 2451 21/11/2024 02/09/2020 Books